000 00975cam a2200277 a 4500
001 16156762
003 OSt
005 20150408114135.0
008 100326s2011 maua b 001 0 eng
010 _a 2010010677
020 _a9780132144988
020 _a0132144980
040 _aMa-Un
082 0 0 _a005.74
_bMRD
_222
100 1 _aElmasri, Ramez.
_95365
245 1 0 _aDatabase systems :
_bmodels, languages, design, and application programming /
_cRamez Elmasri, Shamkant B. Navathe.
250 _a6th ed.
260 _aBoston :
_bPearson,
_c2011.
300 _axxv, 1155 p. :
_bill. ;
_c24 cm.
504 _aIncludes bibliographical references and index.
650 0 _aDatabase management.
700 1 _aNavathe, Sham.
_95366
906 _a7
_bcbc
_corignew
_d1
_eecip
_f20
_gy-gencatlg
942 _2ddc
_cDVD
999 _c30228
_d264728